000 01001nam a22003257a 4500
001 0002104
003 KOHA_MİRAKIL
005 20260207001303.0
007 ta
008 090213b2005 tu |||gr||||#0|||1|tur |
020 _a9750803752
040 _aTR-BiSEU
_btur
_cTR-BiSEU
_erda
041 0 _atur
044 _ctu
050 _aPL234.N39
_bK88 2005
100 0 _aNAZIM HİKMET
_q(Ran).
245 1 _aKuvayi Milliye :
_bşiirler 3/
_cNAZIM HİKMET (Ran) ; Nazım Hikmet Ran.
264 1 _aİstanbul :
_bYapı Kredi Yayınları
_c2005
300 _a226 sayfa; 21 cm.
336 _ametin
_btxt
_2rdacontent
337 _aaracısız
_bn
_2rdamedia
338 _acilt
_bnc
_2rdacarrier
490 1 _aYapı Kredi yayınları ;
_v1580 Bütün eserleri ;
_v3.
650 0 _aTürk şiiri.
_93914
650 0 _aNazım Hikmet 1902-1963.
_96221
650 0 _aTurkish poetry.
_93912
830 1 _aYapı Kredi yayınları ;
_v1580 Bütün eserleri ;
_v3.
_96222
907 _aŞiir
942 _2lcc
_cBK
999 _c2091
_d2091